000 00658nam a2200253 a 4500
001 nice12345678
003 IN_TiNIC
005 20260116013826.0
008 050524s1985 dela grp 000 0 eng
020 _a
_c300
082 0 0 _a294.5923
_bSHA
100 _aShah, Shalini
245 _aMaking of Womanhood
_b Gender Ralation in the Mahabharata
260 _aDelhi
_bManohar
_c1985
300 _a183p
500 _aincludes index and biblioraphy
505 2 _aBibliography, Glossary
650 _aMahabharat-Women
650 _aWomen-India Women in Mahabharata
700 1 _aShah, Shalini
902 _bSRS
942 _cBK
999 _c12690
_d12690